Normal view
MARC view
- Sampson, Ronald N Harper, Charles A
Entry Personal Name
001 - CONTROL NUMBER
- control field: 75107
003 - CONTROL NUMBER IDENTIFIER
- control field: NUST
005 - DATE AND TIME OF LATEST TRANSACTION
- control field: 20210628205345.0
008 - FIXED-LENGTH DATA ELEMENTS
- fixed length control field: 210628|| aca||aabn | a|a d
040 ## - CATALOGING SOURCE
- Original cataloging agency: NUST
- Transcribing agency: NUST
100 ## - HEADING--PERSONAL NAME
- Personal name: Sampson, Ronald N Harper, Charles A
670 ## - SOURCE DATA FOUND
- Source citation: Work cat.: (NUST): Sampson, Ronald N Harper, Charles A, Electronic materials and processes handbook, 1994
